Central Library OPAC University of Rajshahi

The organic chemistry of boron / (Record no. 10318)

MARC details
000 -LEADER
fixed length control field 00723nam a2200253 a 4500
001 - CONTROL NUMBER
control field 10318
003 - CONTROL NUMBER IDENTIFIER
rucl marc code BD-RjUL
005 - DATE AND TIME OF LATEST TRANSACTION
control field 20211208234932.0
008 - FIXED-LENGTH DATA ELEMENTS--GENERAL INFORMATION
fixed length control field 140123s1961 enk b 001 0 eng|d
035 ## - SYSTEM CONTROL NUMBER
System control number (BD-RjUL)10366
040 ## - CATALOGING SOURCE
Original cataloging agency VS:TXI
Language of cataloging eng
Modifying agency BD-RjUL
Transcribing agency BD-RjUL
041 ## - LANGUAGE CODE
Language code of text/sound track or separate title eng
082 04 - DEWEY DECIMAL CLASSIFICATION NUMBER
Classification number 547
Author mark and year GEO 1961
100 1# - MAIN ENTRY--PERSONAL NAME
Personal name Gerrard, William.
9 (RLIN) 31876
245 14 - TITLE STATEMENT
Title The organic chemistry of boron /
Statement of responsibility, etc. W.Gerrard.
260 ## - PUBLICATION, DISTRIBUTION, ETC. (IMPRINT)
Place of publication, distribution, etc. London and New York :
Name of publisher, distributor, etc. Academic,
Date of publication, distribution, etc. c1961.
300 ## - PHYSICAL DESCRIPTION
Pagination x, 308 p. ;
Size 24 cm.
500 ## - GENERAL NOTE
General note Includes index.
504 ## - BIBLIOGRAPHY, ETC. NOTE
Bibliography, etc Appendix p.233-251; Bibliography p.253-282.
650 #0 - SUBJECT ADDED ENTRY--TOPICAL TERM
Topical term or geographic name as entry element Boron.
9 (RLIN) 31310
Topical term or geographic name as entry element Organoboron compounds
9 (RLIN) 215648
942 ## - ADDED ENTRY ELEMENTS (KOHA)
Source of classification or shelving scheme Dewey Decimal Classification
Koha item type Books
Holdings
Lost status Source of classification or shelving scheme Damaged status Not for loan Collection code Permanent Location Current Location Shelving location Date acquired Source of acquisition Cost, normal purchase price Total Checkouts Full call number Date last seen Copy number Koha item type
  Dewey Decimal Classification   Not For Loan Non-fiction Central Library, University of Rajshahi Central Library, University of Rajshahi Reading Room 14/11/1963 Zeitlinger 55.00   547 GEO 1961 23/01/2014 C-1 Books
  Dewey Decimal Classification     Non-fiction Central Library, University of Rajshahi Central Library, University of Rajshahi   23/04/1968 Zeitlinger 55.00   547 GEO 1961 25/05/2017 C-2 Books